<?xml version="1.0" encoding="UTF-8"?>
<collection xmlns="http://www.loc.gov/MARC21/slim">
 <record>
  <leader>04951cam a2200937   4500</leader>
  <controlfield tag="001">276483340</controlfield>
  <controlfield tag="003">DE-627</controlfield>
  <controlfield tag="005">20240915113202.0</controlfield>
  <controlfield tag="007">tu</controlfield>
  <controlfield tag="008">890112s1988    gw |||||      00| ||ger c</controlfield>
  <datafield tag="016" ind1="7" ind2=" ">
   <subfield code="a">890272158</subfield>
   <subfield code="2">DE-101</subfield>
  </datafield>
  <datafield tag="020" ind1=" " ind2=" ">
   <subfield code="a">3100624114</subfield>
   <subfield code="c">Festeinband (geb.) : DM 39.80</subfield>
   <subfield code="9">3-10-062411-4</subfield>
  </datafield>
  <datafield tag="035" ind1=" " ind2=" ">
   <subfield code="a">(DE-627)276483340</subfield>
  </datafield>
  <datafield tag="035" ind1=" " ind2=" ">
   <subfield code="a">(DE-576)01698417X</subfield>
  </datafield>
  <datafield tag="035" ind1=" " ind2=" ">
   <subfield code="a">(DE-599)GBV276483340</subfield>
  </datafield>
  <datafield tag="035" ind1=" " ind2=" ">
   <subfield code="a">(OCoLC)246745487</subfield>
  </datafield>
  <datafield tag="035" ind1=" " ind2=" ">
   <subfield code="a">(OCoLC)21533027</subfield>
  </datafield>
  <datafield tag="035" ind1=" " ind2=" ">
   <subfield code="a">(OCoLC)246745487</subfield>
  </datafield>
  <datafield tag="035" ind1=" " ind2=" ">
   <subfield code="a">(DE-Rt5)1149975</subfield>
  </datafield>
  <datafield tag="040" ind1=" " ind2=" ">
   <subfield code="a">DE-627</subfield>
   <subfield code="b">ger</subfield>
   <subfield code="c">DE-627</subfield>
   <subfield code="e">rakwb</subfield>
  </datafield>
  <datafield tag="041" ind1=" " ind2=" ">
   <subfield code="a">ger</subfield>
   <subfield code="h">ita</subfield>
  </datafield>
  <datafield tag="044" ind1=" " ind2=" ">
   <subfield code="c">XA-DE</subfield>
  </datafield>
  <datafield tag="084" ind1=" " ind2=" ">
   <subfield code="a">46</subfield>
   <subfield code="2">sdnb</subfield>
  </datafield>
  <datafield tag="084" ind1=" " ind2=" ">
   <subfield code="a">LH 65700</subfield>
   <subfield code="2">rvk</subfield>
   <subfield code="0">(DE-625)rvk/94554:</subfield>
  </datafield>
  <datafield tag="084" ind1=" " ind2=" ">
   <subfield code="a">LH 64840</subfield>
   <subfield code="2">rvk</subfield>
   <subfield code="0">(DE-625)rvk/94509:</subfield>
  </datafield>
  <datafield tag="084" ind1=" " ind2=" ">
   <subfield code="a">LH 65740</subfield>
   <subfield code="2">rvk</subfield>
   <subfield code="0">(DE-625)rvk/94556:</subfield>
  </datafield>
  <datafield tag="084" ind1=" " ind2=" ">
   <subfield code="a">20.70</subfield>
   <subfield code="2">bkl</subfield>
  </datafield>
  <datafield tag="084" ind1=" " ind2=" ">
   <subfield code="a">21.60</subfield>
   <subfield code="2">bkl</subfield>
  </datafield>
  <datafield tag="100" ind1="1" ind2=" ">
   <subfield code="a">Praz, Mario</subfield>
   <subfield code="d">1896-1982</subfield>
   <subfield code="0">(DE-588)11879325X</subfield>
   <subfield code="0">(DE-627)079569323</subfield>
   <subfield code="0">(DE-576)162608608</subfield>
   <subfield code="4">aut</subfield>
  </datafield>
  <datafield tag="240" ind1="1" ind2="3">
   <subfield code="a">Il giardino dei sensi &lt;dt.&gt;</subfield>
  </datafield>
  <datafield tag="245" ind1="1" ind2="4">
   <subfield code="a">Der Garten der Sinne</subfield>
   <subfield code="b">Ansichten des Manierismus und des Barock</subfield>
   <subfield code="c">Mario Praz. Aus dem Ital. von Max Looser</subfield>
  </datafield>
  <datafield tag="264" ind1=" " ind2="1">
   <subfield code="a">Frankfurt am Main</subfield>
   <subfield code="b">Fischer</subfield>
   <subfield code="c">1988</subfield>
  </datafield>
  <datafield tag="300" ind1=" " ind2=" ">
   <subfield code="a">270 S.</subfield>
   <subfield code="b">Ill.</subfield>
  </datafield>
  <datafield tag="336" ind1=" " ind2=" ">
   <subfield code="a">Text</subfield>
   <subfield code="b">txt</subfield>
   <subfield code="2">rdacontent</subfield>
  </datafield>
  <datafield tag="337" ind1=" " ind2=" ">
   <subfield code="a">ohne Hilfsmittel zu benutzen</subfield>
   <subfield code="b">n</subfield>
   <subfield code="2">rdamedia</subfield>
  </datafield>
  <datafield tag="338" ind1=" " ind2=" ">
   <subfield code="a">Band</subfield>
   <subfield code="b">nc</subfield>
   <subfield code="2">rdacarrier</subfield>
  </datafield>
  <datafield tag="361" ind1="1" ind2=" ">
   <subfield code="5">DE-32</subfield>
   <subfield code="y">3508014819</subfield>
   <subfield code="s">296258 - A</subfield>
   <subfield code="o">Vorbesitz</subfield>
   <subfield code="a">NN</subfield>
   <subfield code="f">Einlage: Zettel: Zeitungsausschnitt</subfield>
   <subfield code="z">Zeitungsausschnitt im vorderen Spiegel eingelegt ; Einlage ist separat archiviert</subfield>
  </datafield>
  <datafield tag="361" ind1="1" ind2=" ">
   <subfield code="a">Kaiser, Gerhard R.</subfield>
   <subfield code="f">Exemplar: Donator</subfield>
   <subfield code="5">DE-32</subfield>
   <subfield code="y">3508014819</subfield>
   <subfield code="s">296258 - A</subfield>
   <subfield code="o">Vorbesitz</subfield>
   <subfield code="0">(DE-588)122677153</subfield>
   <subfield code="0">(DE-627)08208596X</subfield>
   <subfield code="0">(DE-576)161635369</subfield>
  </datafield>
  <datafield tag="546" ind1=" " ind2=" ">
   <subfield code="a">Aus dem Ital. übers.</subfield>
  </datafield>
  <datafield tag="561" ind1=" " ind2=" ">
   <subfield code="5">DE-32</subfield>
   <subfield code="3">Exemplarsatz-ID: 3508014819, Signatur: 296258 - A</subfield>
   <subfield code="a">Vorbesitz: NN / Einlage: Zettel: Zeitungsausschnitt / Erläuterung: Zeitungsausschnitt im vorderen Spiegel eingelegt ; Einlage ist separat archiviert</subfield>
  </datafield>
  <datafield tag="561" ind1=" " ind2=" ">
   <subfield code="5">DE-32</subfield>
   <subfield code="3">Exemplarsatz-ID: 3508014819, Signatur: 296258 - A</subfield>
   <subfield code="a">Vorbesitz: Kaiser, Gerhard R. ; http://d-nb.info/gnd/122677153 / Exemplar: Donator</subfield>
  </datafield>
  <datafield tag="648" ind1=" " ind2="7">
   <subfield code="a">Geschichte 1530-1750</subfield>
   <subfield code="2">gnd</subfield>
  </datafield>
  <datafield tag="650" ind1=" " ind2="4">
   <subfield code="a">Geschichte 1530-1750</subfield>
  </datafield>
  <datafield tag="655" ind1=" " ind2="7">
   <subfield code="a">Aufsatzsammlung</subfield>
   <subfield code="0">(DE-588)4143413-4</subfield>
   <subfield code="0">(DE-627)105605727</subfield>
   <subfield code="0">(DE-576)209726091</subfield>
   <subfield code="2">gnd-content</subfield>
  </datafield>
  <datafield tag="689" ind1="0" ind2="0">
   <subfield code="d">s</subfield>
   <subfield code="0">(DE-588)4037343-5</subfield>
   <subfield code="0">(DE-627)104476370</subfield>
   <subfield code="0">(DE-576)209023570</subfield>
   <subfield code="a">Manierismus</subfield>
   <subfield code="2">gnd</subfield>
  </datafield>
  <datafield tag="689" ind1="0" ind2=" ">
   <subfield code="5">DE-101</subfield>
  </datafield>
  <datafield tag="689" ind1="1" ind2="0">
   <subfield code="d">s</subfield>
   <subfield code="0">(DE-588)4004541-9</subfield>
   <subfield code="0">(DE-627)106385380</subfield>
   <subfield code="0">(DE-576)208856447</subfield>
   <subfield code="a">Barock</subfield>
   <subfield code="2">gnd</subfield>
  </datafield>
  <datafield tag="689" ind1="1" ind2=" ">
   <subfield code="5">DE-101</subfield>
  </datafield>
  <datafield tag="689" ind1="2" ind2="0">
   <subfield code="d">s</subfield>
   <subfield code="0">(DE-588)4114333-4</subfield>
   <subfield code="0">(DE-627)105822957</subfield>
   <subfield code="0">(DE-576)209483733</subfield>
   <subfield code="a">Kunst</subfield>
   <subfield code="2">gnd</subfield>
  </datafield>
  <datafield tag="689" ind1="2" ind2="1">
   <subfield code="a">z</subfield>
   <subfield code="2">gnd</subfield>
   <subfield code="a">Geschichte 1530-1750</subfield>
  </datafield>
  <datafield tag="689" ind1="2" ind2=" ">
   <subfield code="5">DE-101</subfield>
  </datafield>
  <datafield tag="689" ind1="3" ind2="0">
   <subfield code="d">s</subfield>
   <subfield code="0">(DE-588)4037343-5</subfield>
   <subfield code="0">(DE-627)104476370</subfield>
   <subfield code="0">(DE-576)209023570</subfield>
   <subfield code="a">Manierismus</subfield>
   <subfield code="2">gnd</subfield>
  </datafield>
  <datafield tag="689" ind1="3" ind2=" ">
   <subfield code="5">(DE-627)</subfield>
  </datafield>
  <datafield tag="689" ind1="4" ind2="0">
   <subfield code="d">s</subfield>
   <subfield code="0">(DE-588)4004541-9</subfield>
   <subfield code="0">(DE-627)106385380</subfield>
   <subfield code="0">(DE-576)208856447</subfield>
   <subfield code="a">Barock</subfield>
   <subfield code="2">gnd</subfield>
  </datafield>
  <datafield tag="689" ind1="4" ind2=" ">
   <subfield code="5">(DE-627)</subfield>
  </datafield>
  <datafield tag="689" ind1="5" ind2="0">
   <subfield code="d">s</subfield>
   <subfield code="0">(DE-588)4114333-4</subfield>
   <subfield code="0">(DE-627)105822957</subfield>
   <subfield code="0">(DE-576)209483733</subfield>
   <subfield code="a">Kunst</subfield>
   <subfield code="2">gnd</subfield>
  </datafield>
  <datafield tag="689" ind1="5" ind2="1">
   <subfield code="a">z</subfield>
   <subfield code="2">gnd</subfield>
   <subfield code="a">Geschichte 1530-1750</subfield>
  </datafield>
  <datafield tag="689" ind1="5" ind2=" ">
   <subfield code="5">(DE-627)</subfield>
  </datafield>
  <datafield tag="700" ind1="1" ind2=" ">
   <subfield code="a">Looser, Max</subfield>
   <subfield code="e">Übers.</subfield>
   <subfield code="0">(DE-588)110682769</subfield>
   <subfield code="0">(DE-627)34687033X</subfield>
   <subfield code="0">(DE-576)165114223</subfield>
   <subfield code="4">trl</subfield>
  </datafield>
  <datafield tag="700" ind1="1" ind2="2">
   <subfield code="a">Praz, Mario</subfield>
   <subfield code="d">1896-1982</subfield>
   <subfield code="t">Il giardino dei sensi &lt;dt.&gt;</subfield>
  </datafield>
  <datafield tag="787" ind1="0" ind2="8">
   <subfield code="i">Rezension</subfield>
   <subfield code="a">Kroß, Matthias</subfield>
   <subfield code="t">Altes und Neues über Manierismus und Barock</subfield>
   <subfield code="d">1990</subfield>
   <subfield code="w">(DE-627)1480437948</subfield>
   <subfield code="w">(DE-576)410437948</subfield>
  </datafield>
  <datafield tag="856" ind1="4" ind2="2">
   <subfield code="u">http://d-nb.info/890272158/04</subfield>
   <subfield code="m">B:DE-101</subfield>
   <subfield code="q">application/pdf</subfield>
   <subfield code="3">Inhaltsverzeichnis</subfield>
  </datafield>
  <datafield tag="889" ind1=" " ind2=" ">
   <subfield code="w">(DE-627)022949852</subfield>
  </datafield>
  <datafield tag="935" ind1=" " ind2=" ">
   <subfield code="i">mdedup</subfield>
  </datafield>
  <datafield tag="935" ind1=" " ind2=" ">
   <subfield code="i">Blocktest</subfield>
  </datafield>
  <datafield tag="936" ind1="r" ind2="v">
   <subfield code="a">LH 65700</subfield>
   <subfield code="b">Neuzeit insgesamt</subfield>
   <subfield code="k">Kunstgeschichte</subfield>
   <subfield code="k">Allgemeines. Allgemeine Kunstgeschichte</subfield>
   <subfield code="k">Allgemeine Kunstgeschichte: Darstellungen</subfield>
   <subfield code="k">Darstellungen einzelner Epochen</subfield>
   <subfield code="k">Mittlere und neuere Kunstgeschichte</subfield>
   <subfield code="k">Neuzeit</subfield>
   <subfield code="k">Neuzeit insgesamt</subfield>
   <subfield code="0">(DE-627)1270643258</subfield>
   <subfield code="0">(DE-625)rvk/94554:</subfield>
   <subfield code="0">(DE-576)200643258</subfield>
  </datafield>
  <datafield tag="936" ind1="r" ind2="v">
   <subfield code="a">LH 64840</subfield>
   <subfield code="b">Gesammelte Aufsätze einzelner Kunsthistoriker bzw. Kunstschriftsteller ab Todesjahr 1801</subfield>
   <subfield code="k">Kunstgeschichte</subfield>
   <subfield code="k">Allgemeines. Allgemeine Kunstgeschichte</subfield>
   <subfield code="k">Allgemeine Kunstgeschichte: Quellen</subfield>
   <subfield code="k">Quellenschriften zur gesamten Kunstgeschichte</subfield>
   <subfield code="k">Gesammelte Aufsätze einzelner Kunsthistoriker bzw. Kunstschriftsteller ab Todesjahr 1801</subfield>
   <subfield code="0">(DE-627)1270642251</subfield>
   <subfield code="0">(DE-625)rvk/94509:</subfield>
   <subfield code="0">(DE-576)200642251</subfield>
  </datafield>
  <datafield tag="936" ind1="r" ind2="v">
   <subfield code="a">LH 65740</subfield>
   <subfield code="b">Manierismus</subfield>
   <subfield code="k">Kunstgeschichte</subfield>
   <subfield code="k">Allgemeines. Allgemeine Kunstgeschichte</subfield>
   <subfield code="k">Allgemeine Kunstgeschichte: Darstellungen</subfield>
   <subfield code="k">Darstellungen einzelner Epochen</subfield>
   <subfield code="k">Mittlere und neuere Kunstgeschichte</subfield>
   <subfield code="k">Neuzeit</subfield>
   <subfield code="k">Manierismus</subfield>
   <subfield code="0">(DE-627)1270765884</subfield>
   <subfield code="0">(DE-625)rvk/94556:</subfield>
   <subfield code="0">(DE-576)200765884</subfield>
  </datafield>
  <datafield tag="936" ind1="b" ind2="k">
   <subfield code="a">20.70</subfield>
   <subfield code="j">Europäische Kunst: Allgemeines</subfield>
   <subfield code="0">(DE-627)106406566</subfield>
  </datafield>
  <datafield tag="936" ind1="b" ind2="k">
   <subfield code="a">21.60</subfield>
   <subfield code="j">Baugeschichte: Allgemeines</subfield>
   <subfield code="0">(DE-627)106421247</subfield>
  </datafield>
  <datafield tag="951" ind1=" " ind2=" ">
   <subfield code="a">BO</subfield>
  </datafield>
  <datafield tag="990" ind1=" " ind2=" ">
   <subfield code="a">Manierismus</subfield>
  </datafield>
  <datafield tag="990" ind1=" " ind2=" ">
   <subfield code="a">Barock</subfield>
  </datafield>
  <datafield tag="990" ind1=" " ind2=" ">
   <subfield code="a">Kunst</subfield>
  </datafield>
  <datafield tag="990" ind1=" " ind2=" ">
   <subfield code="a">Geschichte 1530-1750</subfield>
  </datafield>
  <datafield tag="990" ind1=" " ind2=" ">
   <subfield code="a">Manierismus</subfield>
  </datafield>
  <datafield tag="990" ind1=" " ind2=" ">
   <subfield code="a">Barock</subfield>
  </datafield>
  <datafield tag="990" ind1=" " ind2=" ">
   <subfield code="a">Kunst</subfield>
  </datafield>
  <datafield tag="990" ind1=" " ind2=" ">
   <subfield code="a">Geschichte 1530-1750</subfield>
  </datafield>
  <datafield tag="991" ind1=" " ind2=" ">
   <subfield code="a">Rezensiertes Werk</subfield>
  </datafield>
  <datafield tag="999" ind1=" " ind2=" ">
   <subfield code="a">KXP-PPN276483340</subfield>
   <subfield code="e">3997100616</subfield>
  </datafield>
 </record>
</collection>
